000 00732nas a2200241 4500
001 BR8000155
003 BR-BrBNA
005 20231205084101.0
007 ta
008 230509b bl.|||p| |||| 00| 00por d
040 _aBR-BrBNA
_bpor
_cBiblioteca Nacional de Agricultura
041 _a(Pt)
072 _aH20
100 1 _aPrabhu, A.S.
100 1 _aAlbuquerque, F.C.
100 1 _aLima, E.F.
245 1 _aAvaliacao da resistencia a Entylona vignae em feijao caupi [Vigna unguiculata; Fungo]
650 _aFEIJAO DE CORDA
650 _aFUNGO
773 0 _tFitopatologia Brasileira (Brazil)
_xISSN 0100-4158
_g(Oct 1979), v. 4(3) p. 375-378
_wBR8000155
909 _a202311
_bLúcia
_c55
_dLúcia Elande
942 _2AGRIS
_n0
_cANA
999 _c103040
_d103040